All Towns/Villages in Co. Dublin - Statistics

General Stats
  • This quiz has been taken 370 times
  • The average score is 63 of 163
Answer Stats
Dublin City % Correct
Tallaght
79%
Howth
73%
Malahide
71%
Blackrock
70%
Swords
70%
Finglas
67%
Rathmines
67%
Ballymun
65%
Dundrum
65%
Balbriggan
62%
Dún Laoghaire
62%
Lucan
62%
Blanchardstown
61%
Clondalkin
61%
Clontarf
60%
Dalkey
58%
Drumcondra
57%
Sandymount
57%
Skerries
57%
Coolock
56%
Crumlin
56%
Ballyfermot
55%
Killiney
55%
Lusk
55%
Ranelagh
55%
Rathgar
55%
Cabra
54%
Portmarnock
54%
Raheny
54%
Rush
54%
Sandyford
53%
Ballsbridge
52%
Glasnevin
52%
Phibsborough
52%
Sutton
52%
Stillorgan
51%
Terenure
51%
Artane
50%
Foxrock
50%
Rathfarnham
50%
Ringsend
49%
Killester
48%
Monkstown
48%
Santry
48%
Donabate
47%
Booterstown
46%
Castleknock
45%
Darndale
45%
East Wall
45%
Kilbarrack
45%
Kimmage
45%
Leopardstown
45%
Marino
45%
Donnybrook
44%
Drimnagh
44%
Shankill
44%
Irishtown
43%
Templeogue
43%
Walkinstown
43%
Stepaside
42%
Baldoyle
41%
Ballybrack
41%
Chapelizod
41%
Jobstown
41%
Stoneybatter
41%
Donaghmede
40%
Firhouse
40%
Knocklyon
40%
Sandycove
40%
The Liberties
40%
Dolphin's Barn
39%
Inchicore
39%
Kilmainham
39%
Rialto
39%
Sallynoggin
39%
Ashtown
38%
Ballinteer
38%
Ballybough
38%
Cabinteely
38%
Carrickmines
38%
Harold's Cross
38%
Palmerstown
38%
Clongriffin
37%
Clonsilla
37%
Milltown
37%
Portobello
37%
Saggart
37%
Smithfield
37%
Beaumont
36%
Fairview
36%
Goatstown
36%
Mount Merrion
36%
North Wall
36%
Whitehall
36%
Citywest
35%
Rathcoole
35%
Ballyboden
34%
Bluebell
34%
Glenageary
34%
Grangegorman
34%
Ongar
34%
Cherrywood
33%
Kilmacud
33%
Cherry Orchard
32%
Churchtown
32%
Clonskeagh
32%
Merrion
32%
Deansgrange
31%
Glasthule
31%
Portrane
31%
Bayside
30%
Belfield
30%
Newcastle
30%
Ballymount
29%
Loughlinstown
29%
Naul
29%
Adamstown
28%
Ballyogan
28%
Dartry
28%
Dollymount
28%
Kilternan
28%
Kinsealy
28%
Windy Arbour
28%
Coolmine
27%
Donnycarney
27%
Islandbridge
27%
Kilnamanagh
26%
Tyrrelstown
26%
Glencullen
25%
Mulhuddart
25%
Ticknock
25%
Corduff
24%
Cornelscourt
24%
North Strand
24%
Poppintree
24%
Balgriffin
23%
Johnstown
23%
Oldbawn
23%
Perrystown
23%
Ballyboughal
22%
Rathmichael
22%
Brittas
21%
Broadstone
21%
Edmondstown
21%
The Coombe
21%
Whitechurch
21%
Kill O' The Grange
20%
Kingswood
20%
Oldtown
19%
Clonturk
18%
Rockbrook
18%
Ballygall
17%
Ballyroan
17%
Garristown
17%
Hollystown
17%
Balrothery
16%
Damastown
16%
Rolestown
16%
Athgoe
15%
Bohernabreena
15%
Greenhills
15%
Loughshinny
14%
Ronanstown
14%
No matching quizzes found
Score Distribution
Percent of People with Each Score
Percentile by Number Answered
Your Score History
You have not taken this quiz